Tribhuvan University Central Library

An analysis of errors committed by Grade Ten students in nagation (Record no. 62843)

MARC details
000 -LEADER
fixed length control field 00471 a2200157 4500
008 - FIXED-LENGTH DATA ELEMENTS--GENERAL INFORMATION
fixed length control field 150909b xxu||||| |||| 00| 0 eng d
041 ## - LANGUAGE CODE
Language code of text/sound track or separate title Eng.
082 ## - DEWEY DECIMAL CLASSIFICATION NUMBER
Classification number CD5027
100 ## - MAIN ENTRY--PERSONAL NAME
Personal name Paudel, Ramji Prasad
245 ## - TITLE STATEMENT
Title An analysis of errors committed by Grade Ten students in nagation
260 ## - PUBLICATION, DISTRIBUTION, ETC. (IMPRINT)
Place of publication, distribution, etc Pokhara
Date of publication, distribution, etc 2010
502 ## - DISSERTATION NOTE
Dissertation note Dissertation
Degree type Education
Name of granting institution T. U. PNC
650 ## - SUBJECT ADDED ENTRY--TOPICAL TERM
Topical term or geographic name as entry element English grammar
-- Tense
-- transformation
-- Error analysis
653 ## - INDEX TERM--UNCONTROLLED
Uncontrolled term English
942 ## - ADDED ENTRY ELEMENTS (KOHA)
Source of classification or shelving scheme Dewey Decimal Classification
Koha item type Audio Visual Materials
Holdings
Withdrawn status Lost status Source of classification or shelving scheme Damaged status Not for loan Home library Current library Date acquired Total Checkouts Full call number Barcode Date last seen Price effective from Koha item type
    Dewey Decimal Classification     Tribhuvan University Central Library Tribhuvan University Central Library 09/11/2014   CD5027 A4424 09/11/2014 09/11/2014 Audio Visual Materials